Spell the Marvel Hero #10 - Statistics

General Stats
  • This quiz has been taken 19 times
  • The average score is 11 of 13
Answer Stats
Picture Answer % Correct
Captain America
100%
Elektra
100%
Luke Cage
100%
Lockheed
94%
Ant-Man
88%
Echo
88%
Tigra
88%
Yondu
88%
Yellowjacket
82%
Jubilee
76%
Wonder Man
76%
Kitty Pryde
65%
Outlaw
65%
No matching quizzes found
Score Distribution
Percent of People with Each Score
Percentile by Number Answered
Your Score History
You have not taken this quiz